| 000 | 00464nam a22001697a 4500 | ||
|---|---|---|---|
| 003 | NUST | ||
| 020 | _a9788131720233 | ||
| 038 | _akhadija | ||
| 082 |
_a004.256 _bBAR |
||
| 100 |
_aBarrett, Steven F. _981624 |
||
| 245 |
_aEmbedded Systems : _bdesign and applications with the 68HC12 and HCS12 / _cSteven F. Barrett. |
||
| 260 |
_aNew Delhi: _bPearson, _c2008. |
||
| 300 |
_a667 p. ; _b26 cm. |
||
| 500 | _aPaperback. | ||
| 563 | _apaper back | ||
| 942 |
_cBK _2ddc |
||
| 999 |
_c33953 _d33953 |
||